| 000 | 00439nam a22001697a 4500 | ||
|---|---|---|---|
| 005 | 20260514104014.0 | ||
| 008 | 260514b |||||||| |||| 00| 0 eng d | ||
| 020 | _a9781529793420 | ||
| 041 | _aEng | ||
| 082 | _a658.4092 GAL | ||
| 100 | _aGalloway, Laura | ||
| 245 | _aLeadership: Perspectives from Practice | ||
| 260 |
_aLos Angels _bSAGE Publications Ltd _c2022 |
||
| 300 | _a188;. P. 24 cm | ||
| 650 | _aLeadership | ||
| 942 | _cBK | ||
| 999 |
_c46580 _d46580 |
||